Berge nach Bildern - Statistiken

Allgemein
  • Dieses Quiz wurde 298 mal gespielt
  • Das Durchschnittsergebnis liegt bei 8 aus 15
Antwortstatistiken
Bildquiz Antwort % Korrekt
Matterhorn
91%
Kilimanjaro
87%
Mount Everest
86%
Fuji
75%
Zugspitze
65%
Mont Blanc
59%
Drei Zinnen
54%
Denali
49%
Vesuv
48%
Großglockner
46%
Eiger
45%
Ararat
16%
Ortler
14%
Weisshorn
9%
Aletschhorn
8%
Keine übereinstimmenden Quizze gefunden
Verteilung der Resultate
Anzahl Personen mit jedem Resultat
Perzentil nach korrekt beantworteten Fragen
Ihre Resultats-Entwicklung
Sie haben dieses Quiz noch nicht gespielt